Normal view MARC view
  • Religion- Islam

Entry Topical Term

Number of records used in: 4

001 - CONTROL NUMBER

  • control field: 7248

003 - CONTROL NUMBER IDENTIFIER

  • control field: NUST

005 - DATE AND TIME OF LATEST TRANSACTION

  • control field: 20171214093518.0

008 - FIXED-LENGTH DATA ELEMENTS

  • fixed length control field: 171214|| aca||aabn | a|a d

040 ## - CATALOGING SOURCE

  • Original cataloging agency: NUST
  • Transcribing agency: NUST

150 ## - HEADING--TOPICAL TERM

  • Topical term or geographic name entry element: Religion- Islam

670 ## - SOURCE DATA FOUND

  • Source citation: Work cat.: (NUST): Gulen, Muḥammad Fateḥullah. 7247, Taqdīr: kitāb-o-sunnat kī roshnī meiṉ /, 2009
© 2023 Central Library, National University of Sciences and Technology. All Rights Reserved.